|
|
|
|
| LEADER |
04288nam a22003613i 4500 |
| 001 |
EBC30169234 |
| 003 |
MiAaPQ |
| 005 |
20231204023229.0 |
| 006 |
m o d | |
| 007 |
cr cnu|||||||| |
| 008 |
231204s2022 xx o ||||0 eng d |
| 020 |
|
|
|a 9781800647954
|q (electronic bk.)
|
| 035 |
|
|
|a (MiAaPQ)EBC30169234
|
| 035 |
|
|
|a (Au-PeEL)EBL30169234
|
| 035 |
|
|
|a (OCoLC)1350685832
|
| 040 |
|
|
|a MiAaPQ
|b eng
|e rda
|e pn
|c MiAaPQ
|d MiAaPQ
|
| 100 |
1 |
|
|a de Siqueira, Isabel Rocha.
|
| 245 |
1 |
0 |
|a 'Fragile States' in an Unequal World :
|b The Role of the G7+ in International Diplomacy and Development Cooperation.
|
| 250 |
|
|
|a 1st ed.
|
| 264 |
|
1 |
|a Cambridge, UK :
|b Open Book Publishers,
|c 2022.
|
| 264 |
|
4 |
|c ©2022.
|
| 300 |
|
|
|a 1 online resource (258 pages)
|
| 336 |
|
|
|a text
|b txt
|2 rdacontent
|
| 337 |
|
|
|a computer
|b c
|2 rdamedia
|
| 338 |
|
|
|a online resource
|b cr
|2 rdacarrier
|
| 505 |
0 |
|
|a Intro -- Figures and Illustrations -- Foreword -- Acknowledgements -- Acronyms and Abbreviations -- 1. A Book about People: The Stories of the g7+ -- Behind the Scenes -- The Book -- 2. How to Find a Voice: On Being an Accidental Diplomat for the New Deal -- The Need to Listen -- Trust is the Most Valuable Currency -- Be Wary of the Annotated Agenda: Donor Pressures and the Problem of Empty Participation -- The Search for a Voice -- Avoid Hoarseness: Trying to Keep Up with SDG 16 -- Have your People in the Room: Seeking UN Observer Status -- 3. How to Use your Survival Skills (for Survival, Monitoring and Evaluation): On Patience, Opportunities and Cooperation -- Find Yourself Something Sacred and Go Beyond Survival: Valuing Peace and Solidarity -- Have Patience But Be Strategic About It: The Symbolism of Fragile-to-Fragile Cooperation (F2F) -- Seize and Multiply Opportunities for Yourself and Others: The Paths Towards Greater Equality -- Make Changes and See Things Through -- 4. How to Work with Passion: On the Value of Doing Things Together -- Togetherness Is a Value and a Practice: Harnessing Commonalities in Order to Move Forward -- Living with Frustration but Leaving No-One Behind: Monitoring the SDGs -- Putting Solidarity into Practice: Conflict Mediation in the Central African Republic -- Challenges to Passion and Solidarity: Seeking Flexibility in the Face of an Obsession with Templates -- 5. How to Decide Where your Pride Fits: The 'Fragile States' Label and the Need for a Unified Front -- Proud to Start With: Raising the Ownership Flag -- How to Decide Where your Pride Belongs: Shame and the World of International Experts -- The Micro and Macro Challenges to Pride: Geopolitical Negotiations and National Priorities -- What (Then) of Pride? -- 6. How to Act Responsibly: On the Sense of Duty.
|
| 505 |
8 |
|
|a Advocating for Context and Country Leadership on Peace and Development -- Making Sure Assessments Do Not Become Ends in Themselves -- Multiplying Impacts: Responsibilities Go Up and Down -- Strengthening Within: Finding Cohesion with a Diverse Group -- Engendering Interest and Responsibility in the Next Generations -- 7. The Way Forward -- The Next Generations -- Bibliography -- Videos -- g7+ Publications -- ANNEX I: g7+ Statements - A Selection -- 1. 10 April 2010, Dili, Timor-Leste -- 2. Port-au-Prince -- 3. Lomé -- 4. Kabul -- 5. Lisbon -- ANNEX II: Fragility Spectrum -- ANNEX III: g7+ Fragility Assessments -- ANNEX IV: Chronology of g7+'s Main Events Since 2010 -- ANNEX V: 2030 Agenda: Sustainable Development Goals (SDGs) -- ANNEX VI: 20 Targets Chosen in a 2016 Technical Meeting -- ANNEX VII: g7+ Statement of Solidarity and Cooperation: 'A call for concerted support in our efforts to curb COVID-19' (March 2020) -- Index.
|
| 588 |
|
|
|a Description based on publisher supplied metadata and other sources.
|
| 590 |
|
|
|a Electronic reproduction. Ann Arbor, Michigan : ProQuest Ebook Central, 2023. Available via World Wide Web. Access may be limited to ProQuest Ebook Central affiliated libraries.
|
| 655 |
|
4 |
|a Electronic books.
|
| 776 |
0 |
8 |
|i Print version:
|a de Siqueira, Isabel Rocha
|t 'Fragile States' in an Unequal World
|d Cambridge, UK : Open Book Publishers,c2022
|
| 797 |
2 |
|
|a ProQuest (Firm)
|
| 856 |
4 |
0 |
|u https://ebookcentral.proquest.com/lib/matrademy/detail.action?docID=30169234
|z Click to View
|